| 000 | 00960nam a2200301 u 4500 | ||
|---|---|---|---|
| 003 | MX-MxUPN | ||
| 005 | 20241012063702.0 | ||
| 008 | 100924s2004 sp a jr 000 f spa d | ||
| 020 | _a842613386X | ||
| 035 | _aUPN01000177894 | ||
| 040 |
_aMX-MxUPN _bspa _cMX-MxUPN |
||
| 041 |
_aspa _heng |
||
| 050 | 4 |
_aPT9875 L598 _bR66 2004 |
|
| 100 | 1 |
_aLindgren, Astrid, _d1907-2002 _931057 |
|
| 245 | 1 | 0 |
_aRonja : _bla hija del bandolero |
| 250 | _aPrimera edición | ||
| 260 |
_aBarcelona : _bEditorial Juventud, _c2004. |
||
| 300 |
_a223 páginas : _bilustraciones |
||
| 490 | 0 | _aColección juventud | |
| 650 | 2 |
_aLiteratura juvenil sueca _915052 |
|
| 650 | 4 |
_aAmistad _950472 _vLiteratura infantil |
|
| 650 | 0 |
_aBandidos y ladrones _954027 _vLiteratura infantil |
|
| 700 | 1 |
_aEscanilla de Bejarano, Marina _etraducción _950028 |
|
| 700 | 1 |
_954025 _aWikland, Ilon _eilustración |
|
| 902 | _bMaríaRobles/101024 | ||
| 905 | _aLibro | ||
| 942 |
_2lcc _cLIBRO _n0 |
||
| 999 |
_c149997 _d149997 |
||